Tous les joueurs du FC Nantes depuis la remontée en Ligue 1 - Statistiques

Statistiques générales
  • Ce quiz a été pris 226 fois
    219 depuis la dernière actualisation
  • Le résultat moyen est 36 sur 101
Statistiques - réponses
Poste Années Réponse % Correct
D 2017 - ? Nicolas Pallois
91%
G 2019 - ? Alban Lafont
88%
M 2019 - ? Roli Pereira de Sa
87%
A 2015 - 2019 Emiliano Sala
84%
G 2013 - 2017 Rémy Riou
82%
M 2014 - 2019 Valentin Rongier
78%
M 2019 - ? Ludovic Blas
77%
M / D 2017 - ? Andrei Girotto
76%
G 2017 - 2019 Ciprian Tatarusanu
76%
A 2017 - ? Kalifa Coulibaly
74%
G 2013 - 2019 Maxime Dupé
73%
M 2019 - ? Moses Simon
66%
M 2013 - ? Abdoulaye Touré
65%
M 2013 - 2016 Birama Touré
65%
D 2018 - ? Charles Traoré
65%
D 2014 - 2018 Léo Dubois
65%
D 2016 - 2019 Diego Carlos
64%
D 2018 - ? Fabio
63%
G 2019 - ? Denis Petric
60%
M 2013 - 2015 Jordan Veretout
58%
A 2019 - ? Marcus Coco
55%
A 2018 - ? Randal Kolo-Muani
55%
A 2013 - 2014 Filip Djordjevic
54%
M 2017 - ? Samuel Moutoussamy
51%
D 2013 - 2017 Oswaldo Vizcarrondo
49%
D 2016 - 2019 Lucas Lima
48%
G 2016 - ? Alexandre Olliero
46%
M 2018 - 2019 Anthony Limbombe
46%
A 2014 - 2018 Yacine Bammou
46%
M 2016 - 2017 Amine Harit
45%
D 2019 - ? Dennis Appiah
45%
M 2013 - 2016 Alejandro Bedoya
44%
M 2019 - ? Imran Louza
43%
D 2013 - 2015 Issa Cissokho
42%
D 2013 - 2015 Olivier Veigneau
40%
D 2013 - 2015 Papy Djilobodji
40%
M 2015 - 2018 Adrien Thomasson
39%
A 2013 - 2015 Serge Gakpé
39%
M 2013 - 2016 Lucas Deaux
37%
M 2013 - 2015 Vincent Bessat
36%
M 2016 - 2017 Guillaume Gillet
35%
A 2019 - ? Kader Bamba
35%
D 2013 - 2019 Koffi Djidji
34%
A 2018 - 2019 Majeed Waris
34%
G 2016 - 2019 Quentin Braat
34%
D 2015 - 2019 Enock Kwateng
30%
M 2013 - 2015 Georges-Kévin Nkoudou
29%
M 2015 - 2016 Adryan
28%
M 2013 - 2014 Adrien Trebel
27%
M 2014 - 2018 Jules Iloki
27%
A 2017 - 2018 Préjuce Nakoulma
27%
G 2013 - 2015 Erwin Zelazny
26%
M 2019 - ? Mehdi Abeid
26%
A 2013 - 2017 Fernando Aristeguieta
25%
A 2013 - 2014 Johan Audel
25%
D 2019 - ? Batista Mendy
24%
M 2018 - 2019 Gabriel Boschilia
24%
A 2013 - 2016 Ismaël Bangoura
24%
A 2015 - 2019 Kolbeinn Sigthorsson
24%
D 2015 - 2016 Lorik Cana
24%
D 2018 - ? Thomas Basila
23%
M 2018 - 2019 Lucas Evangelista
22%
M 2018 - ? Abdoulaye Dabo
21%
D 2014 - ? Anthony Walongwa
21%
D 2013 - 2015 Chaker Alhadhur
21%
A 2019 - ? Élie Youan
21%
D 2015 - 2016 Youssouf Sabaly
21%
M 2013 - 2014 Fabrice Pancrate
20%
M 2017 - 2017 Felipe Pardo
20%
M 2017 - ? Joris Kayembe
20%
A 2016 - 2018 Mariusz Stepinski
20%
M 2017 - ? Rene Krhin
20%
A 2019 - ? Bridge Ndilu
19%
D 2019 - ? Molla Wagué
19%
M 2016 - 2016 Nicolaj Thomsen
19%
M 2013 - 2016 Rémi Gomis
19%
M 2016 - 2018 Alexander Kacaniklic
18%
D 2015 - 2016 Ermir Lenjani
18%
A 2014 - 2015 Itay Shechter
18%
D / M 2014 - 2015 Kian Hansen
18%
M 2019 - ? Cristian Benavente
17%
D 2019 - 2019 Edgar Ié
17%
D 2019 - ? Wesley Moustache
17%
D 2019 - ? Percy Prado
16%
D 2017 - 2018 Chidozie Awaziem
15%
M 2017 - 2019 Yassine El Ghanassy
15%
D 2015 - 2018 Wilfried Moimbé
14%
M 2013 - 2014 Banel Nicolita
13%
A 2017 - 2019 Santy Ngom
13%
M 2019 - 2019 Valentin Eysseric
13%
M 2015 - ? Alexis Alégué
12%
A 2019 - 2019 Antonio Mance
12%
M 2017 - 2017 Sergio Oliveira
11%
D 2017 - 2018 David Alcibiade
9%
D 2019 - ? Josué Homawoo
9%
A 2013 - 2016 Adama Niane
7%
M 2017 - 2018 Najib Gandi
7%
M 2015 - 2016 Hicham M'Laab
5%
D 2018 - 2018 Matt Miazga
5%
A 2015 - 2015 Thomas Henry
5%
M 2013 - 2015 Saad Trabelsi
2%
Aucun quiz correspondant
Distribution des résultats
% des personnes avec chaque résultat
Percentile par nombre de réponses
Votre historique - résultats
Vous n’avez pas pris ce quiz depuis la dernière actualisation